Ley nacional de procedimientos administrativos. Ley 19.549 (Registro nro. 650)

Detalles MARC
000 -LEADER
fixed length control field 01523 a2200241 4500
001 - CONTROL NUMBER
control field 15480
005 - DATE AND TIME OF LATEST TRANSACTION
control field 20260407155450.0
008 - FIXED-LENGTH DATA ELEMENTS--GENERAL INFORMATION
fixed length control field 260407a1985 arg spa d
003 - CONTROL NUMBER IDENTIFIER
control field AR-UNSa-BCEJYS
040 ## - CATALOGING SOURCE
Original cataloging agency AR-UNSa-BCEJYS
Language of cataloging spa
Transcribing agency AR-UNSa-BCEJYS
080 ## - UNIVERSAL DECIMAL CLASSIFICATION NUMBER
Universal Decimal Classification number 35.077.3
Common auxiliary subdivision Procedimiento administrativo (licitación pública...)<br/>
020 ## - INTERNATIONAL STANDARD BOOK NUMBER
International Standard Book Number 950-508-138-3
100 1# - MAIN ENTRY--PERSONAL NAME
Personal name Hutchinson, Tomás A.
245 10 - TITLE STATEMENT
Title Ley nacional de procedimientos administrativos. Ley 19.549
Name of part/section of a work Comentado, anotada y concordada con las normas provinciales
264 #1 - PRODUCTION, PUBLICATION, DISTRIBUTION, MANUFACTURE, AND COPYRIGHT NOTICE
Place of production, publication, distribution, manufacture Buenos Aires :
Name of producer, publisher, distributor, manufacturer Astrea
Date of production, publication, distribution, manufacture, or copyright notice 1985
300 ## - PHYSICAL DESCRIPTION
Extent 2 v. (589, 1069 p.)
Dimensions 23 cm.
505 ## - FORMATTED CONTENTS NOTE
Formatted contents note Vol. I: 1. Procedimiento administrativo - 2. Competencia del órgano - 3. Requisitos esenciales del acto administrativo - 4. Impugnación judicial de actos administrativos -- Vol. II: 1. Tramitación de los expedientes. Interesados - 2. De los expedientes - 3. Escritos. Domicilio. Documentos. Requisitos - 4. Representación. Vista - 5. Las notificaciones en el procedimiento administrativo - 6. De la prueba - 7. Formas de concluir el procedimiento - 8. Procedimientos de impugnación - 9. De los actos administrativos de alcance general y los proyectos de leyes - 10. Reconstrucción de expedientes - 11. Normas procesales supletorias
590 ## - LOCAL NOTE (RLIN)
Local note niveau_biblio:m niveau_hierar:0
650 ## - SUBJECT ADDED ENTRY--TOPICAL TERM
Topical term or geographic name entry element Ley 19.549
650 ## - SUBJECT ADDED ENTRY--TOPICAL TERM
Topical term or geographic name entry element ley 19 549
856 41 - ELECTRONIC LOCATION AND ACCESS
Uniform Resource Identifier <a href="https://t1.gstatic.com/images?q=tbn:ANd9GcTMZ3f1fYT_sHEzJIl58cxSBKFvkKQ6AFguFKMDsl9SwvVDBEjw">https://t1.gstatic.com/images?q=tbn:ANd9GcTMZ3f1fYT_sHEzJIl58cxSBKFvkKQ6AFguFKMDsl9SwvVDBEjw</a>
Link text Imagen de portada
Electronic format type image/jpeg
942 ## - ADDED ENTRY ELEMENTS (KOHA)
Koha item type
Existencias
Withdrawn status Lost status Damaged status Not for loan Home library Current library Shelving location Date acquired Total checkouts Full call number Barcode Date last seen Price effective from Koha item type
        Biblioteca Prof. Eusebio Cleto del Rey Biblioteca Prof. Eusebio Cleto del Rey   07/04/2026   35.077.3 H973 v.1 L45922 07/04/2026 07/04/2026 Libro
        Biblioteca Prof. Eusebio Cleto del Rey Biblioteca Prof. Eusebio Cleto del Rey   07/04/2026   35.077.3 H973 v.1 L53232 07/04/2026 07/04/2026 Libro
        Biblioteca Prof. Eusebio Cleto del Rey Biblioteca Prof. Eusebio Cleto del Rey   07/04/2026   35.077.3 H973 v.1 L58904 07/04/2026 07/04/2026 Libro
        Biblioteca Prof. Eusebio Cleto del Rey Biblioteca Prof. Eusebio Cleto del Rey   07/04/2026   35.077.3 H973 v.1 L119048 07/04/2026 07/04/2026 Libro
        Biblioteca Prof. Eusebio Cleto del Rey Biblioteca Prof. Eusebio Cleto del Rey   07/04/2026   35.077.3 H973 v.2 L45923 07/04/2026 07/04/2026 Libro
        Biblioteca Prof. Eusebio Cleto del Rey Biblioteca Prof. Eusebio Cleto del Rey   07/04/2026   35.077.3 H973 v.2 L53233 07/04/2026 07/04/2026 Libro
        Biblioteca Prof. Eusebio Cleto del Rey Biblioteca Prof. Eusebio Cleto del Rey   07/04/2026   35.077.3 H973 v.2 L58905 07/04/2026 07/04/2026 Libro
        Biblioteca Prof. Eusebio Cleto del Rey Biblioteca Prof. Eusebio Cleto del Rey   07/04/2026   35.077.3 H973 v.2 L119049 07/04/2026 07/04/2026 Libro
        Biblioteca Prof. Eusebio Cleto del Rey Biblioteca Prof. Eusebio Cleto del Rey   07/04/2026   35.077.3 H973 v.1 L117403 07/04/2026 07/04/2026 Libro